000 01085nam a22003497a 4500
003 CHAP
005 20220329134927.0
008 971013c19721966 r 00010 d
010 _a28188
011 _a29160
035 _a33271
040 _cCHAP
082 _a301.155
_bM2
100 0 0 _aMcGregor, Douglas.
_973574
245 _aLeadership and motivation
_b: essays
260 _aCambridge, Maas. :
_bM.I.T.,
_c1972(c.1966)
300 _a286 p
490 _aPaperback series
_v; 85
590 _aBATCH-UPD
_b10
_c20130110
_lUCH01
_h0101
590 _aBATCH-UPD
_b10
_c20130110
_lUCH01
_h1155
590 _aBATCH-UPD
_b10
_c20130410
_lUCH01
_h0738
590 _aBATCH-UPD
_b10
_c20130914
_lUCH01
_h0604
590 _aCONVERSION
_b10
_c20130109
_lUCH01
_h1316
650 1 4 _aDirigentes.
_932700
650 1 4 _aMotivación (Psicología)
_979090
700 0 _aBennis, Warren, G., ed.
_911624
700 0 _aSchein, Edgar H.
_9102944
830 0 _aPaperback series
_v; 85
_985400
901 _aBK
942 _cLIBRO
949 _a301.155 M2
_bBC
_cLIBRO
_d33724000289583
_eLIBRO
_h29754
_i33271
_si
999 _c28188
_d28188